000 00371nam a2200121Ia 4500
008 250110s9999 xx 000 0 und d
041 _aeng
100 _aBabar Priyanka
245 _aLandscape Perspective For Biodiversity Designated Zones In An Urban Context Of Pune
260 _bM Arch Landscape BNCA, Pune
_c2015
300 _a80p
700 _aGuide Name:BNCA
_9210469
999 _c363661
_d363661